000 00696cab a2200241 4500
001 WB3018-04
008 090401t1994 xxu||||| |||| 00| 0 eng d
035 _a(Sirsi) u47089
041 _aeng
245 _aNew stands for football stadiums
260 _c1994
350 _a0
490 _aDaily Telegraph
_v9 May 1994, 10;
490 _aTimes
_v11 May 1994, 48(2)
520 _aLooks at the issues in implementing the government August 1994 deadline to convert football clubs to all-seat stadiums.
650 _aFOOTBALL STADIA
650 _aHILLSBOROUGH
650 _aSPORTS STADIA
650 _aTAYLOR REPORT
690 _aBUILT ENVIRONMENT
942 _n0
948 _c04/03/1997
999 _c29699
_d29699